| 000 | 00512nam a2200157 4500 | ||
|---|---|---|---|
| 008 | 151001b xxu||||| |||| 00| 0 eng d | ||
| 020 | _a0965248119 | ||
| 050 | _aPE 1115 .F74 1997 | ||
| 100 |
_aCovey, Franklin. _d1997. |
||
| 245 |
_aStyle guide for business and technical communication. _cFranklin Covey. |
||
| 250 | _a3rd ed. | ||
| 260 |
_aUSA; _bFranklin Covey, _c1997. |
||
| 300 |
_ax, 439 p. _bIncludes index. |
||
| 650 | _aBusiness communication. | ||
| 942 |
_2lcc _cBOOKS _hPE 1115 .F74 1997 |
||
| 999 |
_c6918 _d6918 |
||